| 000 | 00522nam a22001937a 4500 | ||
|---|---|---|---|
| 003 | OSt | ||
| 005 | 20170228174014.0 | ||
| 008 | 170228b xxu||||| |||| 00| 0 eng d | ||
| 020 | _a3540678530 | ||
| 040 | _cDDC. | ||
| 082 | _a532.05 WES 2001 | ||
| 100 |
_aWesseling ,Pieter; _911697 |
||
| 245 | _aPrinciples of Computational Fluid Dynamics. | ||
| 260 |
_aNew York. _bSpringer. _c2001. |
||
| 300 |
_axii,644p; _bill: _c25cm. |
||
| 504 | _aincludes references and index. | ||
| 650 |
_aphysics. _9809 |
||
| 942 |
_2ddc _cO_SHELF |
||
| 999 |
_c5599 _d5599 |
||